Statistics for All territorial disputes in Asia

Click here to take the quiz!

General Stats

  • This quiz has been taken 17 times
  • The average score is 8 of 154

Answer Stats

HintAnswer% Correct
Taiwan-ChinaTaiwan
83%
Palestine-IsraelGaza strip
67%
China-TaiwanChina
58%
Israel-SyriaGolan Heights
58%
Israel-PalestineIsrael
58%
Palestine-IsraelWest Bank
58%
Abkhazia-GeorgiaAbkhazia
42%
South Ossetia-GeorgiaSouth Ossetia
42%
Mongolia-TaiwanMongolia
33%
Artsakh-azerbaijanNagorno-Karabakh
33%
Palestine-IsraelEast Jerusalem
25%
Turkey-SyriaHatay
25%
Russia-JapanKuril Islands
25%
Northern Cyprus-CyprusNorth Cyprus
25%
China-TaiwanHong Kong
17%
North Korea-South KoreaKorea
17%
India-PakistanLadakh
17%
China-TaiwanMacau
17%
Nepal-ChinaMount Everest
17%
Brunei-China-Malaysia-Philippines-Taiwan-VietnamSpratley Islands
17%
India-China-TaiwanArunachal Pradesh
8%
China-Taiwan-VietnamParacel Islands
8%
Taiwan-ChinaPratas Island
8%
Japan-China-TaiwanSenkaku Islands
8%
Iran-IraqShatt al-Arab
8%
Israel-LebanonShebaa farms
8%
India-Pakistan | India-Pakistan-TaiwanSiachen Glacier
8%
China-Russia-TaiwanAbugaitu Island
0%
Iran-United Arab EmiratesAbu Musa
0%
Indonesia-MalaysiaAmbalat
0%
Lebanon-SyriaArsal
0%
Armenia-AzerbaijanArtsvashen
0%
Australia-IndonesiaAshmore and Cartier Islands
0%
Pakistan-IndiaAzad Kashmir
0%
China-South Korea-Taiwan | North Korea-South Korea-TaiwanBaekdu Mountain
0%
China-Bhutan-TaiwanBarahoti
0%
Armenia-AzerbaijanBarkhudarli
0%
Vietnam-TaiwanBạch Long Vĩ Island
0%
China-Kyrgyzstan-TaiwanBedel Pass
0%
Bhutan-China-TaiwanBeyul Khenpajong
0%
China-Kyrgyzstan-TaiwanBoz-Tik
0%
Thailand-MalaysiaBukit-Jeli
0%
Saudi Arabia-United Arab EmiratesBuraimi
0%
Bhutan-China-TaiwanChagdzom
0%
China-Bhutan-TaiwanCherkip Gompa
0%
China-Bhutan-TaiwanChumar
0%
Armenia-Azerbaijan-ArtzakhDadivank
0%
China-Bhutan-TaiwanDarchen
0%
Azerbaijan-GeorgiaDavid Gareja
0%
Lebanon-SyriaDeir El Aachayer
0%
Armenia-AzerbaijanDe Jure
0%
China-India-TaiwanDemchok sector
0%
China-India-TaiwanDepsang Plains
0%
Myanmar-ThailandDoi Lang
0%
South Korea-North Korea-JapanDokdo/Takeshima
0%
China-Bhutan-TaiwanDoklam
0%
China-Bhutan-TaiwanDungmar
0%
Russia-ChinaEast Bolshoy Ussuriysky Island
0%
Bhutan-TaiwanEastern part of Bhutan
0%
China-Kyrgyzstan-TaiwanErkeshtam
0%
Bahrain-QatarFasht ad Dibal
0%
Kyrgyzstan-Tajikistan-UzbekistanFergana Valley
0%
China-Bhutan-TaiwanGesur
0%
China-Bhutan-TaiwanGezon
0%
Pakistan-IndiaGilgit-Baltistan
0%
Pakistan-India-TaiwanGilit-Baltistan
0%
Iran-United Arab EmiratesGreater Tunb
0%
China-Bhutan-TaiwanGue
0%
Bhutan-China-TaiwanHaa District
0%
Tajikistan-KyrgyzstanIsfara Valley
0%
China-Bhutan-TaiwanItse Gompa
0%
China-Bhutan-TaiwanJadhang
0%
Malaysia-China-TaiwanJames Shoal
0%
India-PakistanJammu and Kasmir
0%
Myanmar-TaiwanJiangxinpo
0%
India-PakistanJunagadh and Manavadar
0%
India-NepalKalapani
0%
Armenia-AzerbaijanKarki
0%
China-Bhutan-TaiwanKaurik
0%
Lebanon-SyriaKfar Qoug
0%
China-Kyrgyzstan-TaiwanKhan Tengri
0%
China-Bhutan-TaiwanKhochar
0%
Oman-YemenKhuriya Muriya
0%
Nepal-ChinaKimathanka
0%
Taiwan-ChinaKinmen
0%
Northern Cyprus-CyprusKokkina-Erenköy
0%
Bhutan-China-TaiwanKula Kangri
0%
Russia-TaiwanKutuzov Island
0%
Artsakh-Armenia-AzerbaijanLachin Corridor
0%
China-Bhutan-TaiwanLapthal
0%
Iran-United Arab EmiratesLesser Tunb
0%
China-Philippines-TaiwanMacclesfield Bank
0%
Russia-KazakhstanMalyy Zhemchuzhnyy
0%
Taiwan-ChinaMatsu
0%
Lebanon-SyriaMazraat Deir al-Ashayer
0%
Laos-ThailandMekong river islands
0%
Bhutan-China-TaiwanMenchuma Valley
0%
Bangladesh-MyanmarNaf river islands
0%
Myanmar-TaiwanNamwam Assigned Tract
0%
Nepal-ChinaNara Pass
0%
China-Bhutan-TaiwanNelang
0%
Russia-South KoreaNoktundo
0%
China-Bhutan-TaiwanNyanri
0%
Laos-CambodiaO'Tangav
0%
China-Taiwan-TajikistanPamir Mountains
0%
South Korea-China-TaiwanParangcho
0%
Singapore-MalaysiaPedra Branca
0%
Taiwan-ChinaPenghu
0%
Singapore-MalaysiaPoint 20
0%
Thailand-CambodiaPreah Vihear Temple
0%
China-Bhutan-TaiwanPulam
0%
Lebanon-SyriaQaa
0%
Lebanon-SyriaQasr
0%
Bahrain-QatarQit'at Jaradah
0%
Kuwait-Saudi ArabiaQurah
0%
Nepal-ChinaRasu
0%
China-Bhutan-TaiwanRingung
0%
Malaysia-PhilippinesSabah
0%
Bhutan-China-TaiwanSakteng Wildlife Sanctuary
0%
India-PakistanSaltoro Ridge
0%
China-Bhutan-TaiwanSang
0%
China-Bhutan-TaiwanSanmar
0%
China-Philippines-TaiwanScarborough Shoal
0%
China-India-TaiwanShaksgam Valley
0%
Saudi Arabia-United Arab EmiratesShaybah oilfield
0%
China-Bhutan-TaiwanShipki La
0%
Russia-TaiwanSixty-Four Villages East of the River
0%
Russia-JapanSouthern Sakhalin
0%
Northern Cyprus-United KingdomStrovilla
0%
China-Bhutan-TaiwanSumda
0%
Russia-TaiwanTannu Uriankhai
0%
China-Bhutan-TaiwanTashigang
0%
China-Kazakhstan-TaiwanTerritory on the China-Kazakhstan border
0%
Myanmar-ThailandThree Pagodas Pass
0%
Nepal-ChinaTingribode
0%
China-India-TaiwanTrans-Karakoram Tracts
0%
Lebanon-SyriaTuffah
0%
China-North Korea-South Korea-TaiwanTumen River Islands
0%
North Korea-South Korea-TaiwanTumen River Mouth
0%
Russia-KazakhstanUkatnyy
0%
Kuwait-Saudi ArabiaUmm al Maradim
0%
Kyrgyzstan-UzbekistanUngar-Too
0%
China-Kyrgyzstan-TaiwanUzongu-Kuush
0%
Taiwan-ChinaVereker Banks
0%
Kazakhstan-UzbekistanVozrozhdeniya Island
0%
Afghanistan-TaiwanWakhan Corridor
0%
China-TaiwanWest Bolshoy Ussuriysky Island
0%
China-North Korea-South Korea-TaiwanYalu River Islands
0%
Azerbaijan-ArmeniaYaradullu
0%
Armenia-AzerbaijanYukhari Askipara
0%
Russia-KazakhstanZhestky
0%
China-Bhutan-TaiwanZuthulphuk
0%

Score Distribution

Percentile by Number Answered

Percent of People with Each Score

Your Score History

You have not taken this quiz